[Event "Gornozavodsk op"]
[Site "Gornozavodsk"]
[Date "2010.11.06"]
[Round "7"]
[White "Zakharov, Andrey"]
[Black "Azanov, Pavel"]
[Result "1-0"]
[WhiteElo "2200"]
[BlackElo "2049"]
[PlyCount "45"]
[EventDate "2010.11.01"]
[EventType "swiss"]
[EventRounds "10"]
[EventCountry "RUS"]
[SourceTitle "EXT 2012"]
[Source "ChessBase"]
[SourceDate "2011.11.24"]
[SourceVersion "1"]
[SourceVersionDate "2011.11.24"]
[SourceQuality "1"]

1. f4 c5 2. b3 d5 3. Bb2 Nc6 4. e3 Nf6 5. Bb5 Bg4 6. Bxc6+ bxc6 7. Nf3 e6 8. d3 Be7 9. Nbd2 Qb6 10. Qe2 Qa5 11. 0-0 0-0 12. h3 Bxf3 13. Nxf3 Nd7 14. e4 Bf6 15. e5 Be7 16. f5 d4 17. Qe4 Rac8 18. a4 Qc7 19. Rae1 Nb6 20. Bc1 Nd5 21. Ng5 h6 22. f6 Bxf6 23. Qh7# 1-0

[Event "Gornozavodsk op"]
[Site "Gornozavodsk"]
[Date "2010.11.05"]
[Round "6"]
[White "Azanov, Pavel"]
[Black "Inkin, Viktor"]
[Result "1-0"]
[WhiteElo "2049"]
[BlackElo "2110"]
[PlyCount "61"]
[EventDate "2010.11.01"]
[EventType "swiss"]
[EventRounds "10"]
[EventCountry "RUS"]
[SourceTitle "EXT 2012"]
[Source "ChessBase"]
[SourceDate "2011.11.24"]
[SourceVersion "1"]
[SourceVersionDate "2011.11.24"]
[SourceQuality "1"]

1. c4 Nf6 2. Nc3 e6 3. d4 d5 4. Nf3 Be7 5. Bf4 0-0 6. e3 b6 7. Be2 h6 8. h3 Bb7 9. 0-0 Ne4 10. Nxe4 dxe4 11. Nd2 Bd6 12. Bxd6 cxd6 13. Qc2 d5 14. c5 bxc5 15. Qxc5 Nd7 16. Qa3 Qb6 17. b4 Bc6 18. Qb3 Rab8 19. Rab1 Bb5 20. Bxb5 Qxb5 21. a4 Qe2 22. Rb2 Qa6 23. Rfb1 Qb7 24. b5 e5 25. Qb4 a6 26. Qd6 Rfc8 27. bxa6 Qxb2 28. Rxb2 Rxb2 29. Qxd7 Ra8 30. Nf1 Rxa6 31. Qc8+ 1-0

[Event "Perm Rating October"]
[Site "Perm"]
[Date "2010.10.04"]
[Round "1"]
[White "Voronov, Vitaly N"]
[Black "Azanov, Pavel"]
[Result "0-1"]
[WhiteElo "1805"]
[BlackElo "2056"]
[PlyCount "110"]
[EventDate "2010.10.04"]
[EventType "swiss"]
[EventRounds "8"]
[EventCountry "RUS"]
[SourceTitle "EXT 2022"]
[Source "ChessBase"]
[SourceDate "2021.10.06"]
[SourceVersion "1"]
[SourceVersionDate "2021.10.06"]
[SourceQuality "1"]

1. e4 d6 2. d4 Nf6 3. Bd3 e5 4. d5 Be7 5. c4 0-0 6. Ne2 Nbd7 7. Nbc3 Nc5 8. Bc2 a5 9. b3 Ne8 10. Ng3 g6 11. Bh6 Ng7 12. 0-0 Bg5 13. Bxg5 Qxg5 14. Qc1 Qe7 15. Qh6 Bd7 16. h4 Rab8 17. a3 b6 18. f3 f5 19. Qg5 Qxg5 20. hxg5 f4 21. Nge2 Nh5 22. Kf2 Nb7 23. g3 fxg3+ 24. Nxg3 Nxg3 25. Kxg3 Nd8 26. f4 exf4+ 27. Rxf4 Rxf4 28. Kxf4 Nf7 29. Rg1 Rf8 30. Ke3 Ne5 31. Rg3 Ng4+ 32. Kd3 Re8 33. Bd1 Nf2+ 34. Kd4 Re5 35. b4 axb4 36. axb4 Nh3 37. c5 bxc5+ 38. bxc5 Nxg5 39. Bg4 Bxg4 40. Rxg4 Nf7 41. c6 Kg7 42. Nb5 Re7 43. Rg1 h5 44. Rc1 h4 45. Ke3 g5 46. Nd4 Kg6 47. Ne6 Ne5 48. Rb1 g4 49. Rb7 h3 50. Rxc7 Rxc7 51. Nxc7 g3 52. Ne6 h2 53. c7 h1Q 54. Nf8+ Kg5 55. c8Q Qe1+ 0-1

[Event "Anapa op-B"]
[Site "Anapa"]
[Date "2010.09.08"]
[Round "7"]
[White "Fomichenko, Svetlana"]
[Black "Azanov, Pavel"]
[Result "1-0"]
[WhiteElo "2217"]
[BlackElo "2064"]
[PlyCount "97"]
[EventDate "2010.08.31"]
[EventType "swiss"]
[EventRounds "9"]
[EventCountry "RUS"]
[SourceTitle "EXT 2013"]
[Source "ChessBase"]
[SourceDate "2012.11.22"]
[SourceVersion "1"]
[SourceVersionDate "2012.11.22"]
[SourceQuality "1"]

1. e4 c5 2. Nf3 Nc6 3. d4 cxd4 4. Nxd4 Nf6 5. Nc3 e5 6. Ndb5 d6 7. Bg5 a6 8. Na3 b5 9. Nd5 Be7 10. Bxf6 Bxf6 11. c3 0-0 12. Nc2 Bg5 13. a4 bxa4 14. Rxa4 a5 15. Bb5 Ne7 16. Ncb4 Be6 17. Nxe7+ Qxe7 18. Nd5 Qb7 19. c4 f5 20. Nc3 Qb6 21. 0-0 f4 22. Qd2 Kh8 23. Rfa1 Qd8 24. f3 Bh4 25. b4 g5 26. Rxa5 Rxa5 27. bxa5 g4 28. a6 gxf3 29. gxf3 Rg8+ 30. Kh1 Bh3 31. Rg1 Rxg1+ 32. Kxg1 Qg5+ 33. Kh1 Be1 34. Qa2 Qh5 35. Qe2 Bc8 36. a7 Bb7 37. Qxe1 Qxf3+ 38. Kg1 Qg4+ 39. Kf2 Qh4+ 40. Kf1 Qh3+ 41. Kg1 Qg4+ 42. Kf2 Qh4+ 43. Ke2 Qxh2+ 44. Kd3 Qh3+ 45. Kc2 f3 46. Kb3 Qg2 47. Qh4 f2 48. Qf6+ Kg8 49. Nd5 1-0

[Event "Anapa op-B"]
[Site "Anapa"]
[Date "2010.09.06"]
[Round "5"]
[White "Iskhakov, Artur"]
[Black "Azanov, Pavel"]
[Result "0-1"]
[WhiteElo "1810"]
[BlackElo "2064"]
[PlyCount "96"]
[EventDate "2010.08.31"]
[EventType "swiss"]
[EventRounds "9"]
[EventCountry "RUS"]
[SourceTitle "EXT 2013"]
[Source "ChessBase"]
[SourceDate "2012.11.22"]
[SourceVersion "1"]
[SourceVersionDate "2012.11.22"]
[SourceQuality "1"]

1. e4 c5 2. c3 d5 3. exd5 Qxd5 4. d4 Nc6 5. Nf3 cxd4 6. cxd4 Bg4 7. Be2 Nf6 8. Nc3 Qa5 9. 0-0 e6 10. Qb3 Qb4 11. Qxb4 Bxb4 12. Be3 0-0 13. h3 Bh5 14. g4 Bg6 15. Ne5 Rac8 16. Nxc6 bxc6 17. a3 Bd6 18. Bf3 Nd5 19. Bd2 Nf4 20. h4 h5 21. Bxf4 Bxf4 22. gxh5 Bd3 23. Rfe1 Rfd8 24. Be4 Bc4 25. Rad1 Bb3 26. Rd3 c5 27. d5 Bc2 28. Rf3 Bd2 29. Re2 Bxc3 30. Bxc2 Bxb2 31. dxe6 fxe6 32. Rxe6 Rf8 33. Bf5 Rc7 34. Re2 Bf6 35. Kg2 c4 36. Kh3 c3 37. Rg3 Kh8 38. Bc2 Bd4 39. f4 Rcf7 40. f5 Bf6 41. Kg4 Rc7 42. Re4 Rd7 43. Rge3 Rd2 44. Bb3 c2 45. Rc4 Rd4+ 46. Rxd4 c1Q 47. Rde4 Qg1+ 48. Rg3 Qh1 0-1

[Event "Perm op 04"]
[Site "Perm"]
[Date "2010.04.24"]
[Round "3"]
[White "Azanov, Pavel"]
[Black "Dragunov, Viacheslav"]
[Result "1/2-1/2"]
[WhiteElo "2044"]
[BlackElo "2159"]
[PlyCount "30"]
[EventDate "2010.04.22"]
[EventType "swiss"]
[EventRounds "9"]
[EventCountry "RUS"]
[SourceTitle "EXT 2012"]
[Source "ChessBase"]
[SourceDate "2011.11.24"]
[SourceVersion "1"]
[SourceVersionDate "2011.11.24"]
[SourceQuality "1"]

1. e4 c5 2. c3 d5 3. exd5 Qxd5 4. d4 Nf6 5. Nf3 e6 6. Be2 Be7 7. Na3 0-0 8. 0-0 Nc6 9. Nc2 cxd4 10. Nfxd4 Nxd4 11. Nxd4 e5 12. Nb3 Be6 13. Be3 b6 14. Qc2 Rad8 15. Rad1 Qc6 1/2-1/2

[Event "Perm op 04"]
[Site "Perm"]
[Date "2010.04.22"]
[Round "1"]
[White "Azanov, Pavel"]
[Black "Dolgii, Viacheslav"]
[Result "1-0"]
[WhiteElo "2044"]
[BlackElo "2286"]
[PlyCount "95"]
[EventDate "2010.04.22"]
[EventType "swiss"]
[EventRounds "9"]
[EventCountry "RUS"]
[SourceTitle "EXT 2012"]
[Source "ChessBase"]
[SourceDate "2011.11.24"]
[SourceVersion "1"]
[SourceVersionDate "2011.11.24"]
[SourceQuality "1"]

1. e4 e5 2. Nc3 Nf6 3. d3 Nc6 4. f4 d6 5. Nd5 Nxd5 6. exd5 Ne7 7. c4 exf4 8. Bxf4 Ng6 9. Qe2+ Be7 10. Bg5 f6 11. Bd2 0-0 12. 0-0-0 c6 13. dxc6 bxc6 14. d4 Qb6 15. Bc3 c5 16. h4 cxd4 17. Bxd4 Qa6 18. b3 Ne5 19. Qc2 Be6 20. Nf3 Rfc8 21. Nd2 Qa5 22. Bc3 Qb6 23. Bd3 h6 24. Bf5 d5 25. Bxe6+ Qxe6 26. Bxe5 Qxe5 27. Kb1 dxc4 28. Nxc4 Qb5 29. Rhe1 Rc7 30. Qe4 Rb8 31. Qe6+ Kh8 32. Nd6 Qc5 33. Nf7+ Kh7 34. Rc1 Qa5 35. Rxc7 Qxc7 36. Qxe7 Qg3 37. Re3 Qg6+ 38. Qe4 f5 39. Qf4 Rf8 40. Ne5 Qxg2 41. Rg3 Qe2 42. Nc4 Rf7 43. Nd2 g6 44. Kc2 Rd7 45. Rc3 Qe7 46. h5 Qg5 47. hxg6+ Kxg6 48. Rg3 1-0

[Event "Gornozavodsk Europe-Asia op"]
[Site "Gornozavodsk"]
[Date "2009.11.07"]
[Round "?"]
[White "Azanov, Pavel"]
[Black "Abashev, Alex"]
[Result "0-1"]
[WhiteElo "2074"]
[BlackElo "2241"]
[PlyCount "64"]
[EventDate "2009.11.07"]
[EventType "swiss"]
[EventRounds "11"]
[EventCountry "RUS"]
[SourceTitle "EXT 2012"]
[Source "ChessBase"]
[SourceDate "2011.11.24"]
[SourceVersion "1"]
[SourceVersionDate "2011.11.24"]
[SourceQuality "1"]

1. e4 c5 2. Nf3 d6 3. Nc3 Nf6 4. d4 cxd4 5. Nxd4 a6 6. Be2 e6 7. 0-0 Qc7 8. Be3 b5 9. a3 Bb7 10. Bd3 Nbd7 11. f4 Nc5 12. Kh1 Ncxe4 13. Nxe4 Nxe4 14. f5 e5 15. Nb3 Nf6 16. Qd2 d5 17. Rae1 Be7 18. Na5 d4 19. Bxd4 exd4 20. Nxb7 Qxb7 21. Rxe7+ Kxe7 22. Qb4+ Kd7 23. a4 Qd5 24. axb5 a5 25. Qa4 Kc7 26. b6+ Kxb6 27. b4 Rhe8 28. bxa5+ Ka7 29. Bb5 Rec8 30. Rd1 Rab8 31. c4 Qxf5 32. Qa1 Qc5 0-1

[Event "Perm op 09"]
[Site "Perm"]
[Date "2009.09.17"]
[Round "7"]
[White "Azanov, Pavel"]
[Black "Goldshtein, Grigory"]
[Result "0-1"]
[WhiteElo "2131"]
[BlackElo "1630"]
[PlyCount "35"]
[EventDate "2009.09.08"]
[EventType "swiss"]
[EventRounds "7"]
[EventCountry "RUS"]
[SourceTitle "EXT 2022"]
[Source "ChessBase"]
[SourceDate "2021.10.06"]
[SourceVersion "1"]
[SourceVersionDate "2021.10.06"]
[SourceQuality "1"]

1. c4 c5 2. Nc3 Nc6 3. g3 g6 4. Bg2 Bg7 5. d3 e6 6. e4 Nge7 7. Nge2 0-0 8. 0-0 a6 9. Rb1 Rb8 10. Be3 d6 11. d4 Qa5 12. dxc5 dxc5 13. Qa4 Re8 14. Qxa5 Nxa5 15. b3 b6 16. Rfd1 Rb7 17. f4 Rd7 18. Na4 0-1

[Event "Perm op2 06"]
[Site "Perm"]
[Date "2009.07.04"]
[Round "7"]
[White "Mikheev, Nikolay"]
[Black "Azanov, Pavel"]
[Result "0-1"]
[WhiteElo "1982"]
[BlackElo "2027"]
[PlyCount "100"]
[EventDate "2009.06.26"]
[EventType "swiss"]
[EventRounds "9"]
[EventCountry "RUS"]
[SourceTitle "CBM 131 Extra"]
[Source "ChessBase"]
[SourceDate "2009.09.03"]
[SourceVersion "2"]
[SourceVersionDate "2009.09.16"]
[SourceQuality "1"]

1. e4 c5 2. Nf3 a6 3. d4 cxd4 4. Nxd4 Nf6 5. Nc3 e5 6. Nf3 Bb4 7. Bd2 0-0 8. Bd3 d5 9. Qe2 d4 10. Nb1 Bd6 11. 0-0 Bg4 12. h3 Bh5 13. Bg5 h6 14. Bh4 g5 15. Bg3 Nc6 16. Nbd2 Qe7 17. Nc4 Bc7 18. a3 Rac8 19. Ncd2 Ne8 20. Bh2 g4 21. hxg4 Bxg4 22. Bg3 Ng7 23. Qe1 Nh5 24. Bh4 Qd7 25. Nh2 Nf4 26. f3 Be6 27. Bc4 Bd8 28. Bxe6 Qxe6 29. Bxd8 Rfxd8 30. Ng4 Qg6 31. g3 h5 32. gxf4 hxg4 33. f5 Qg5 34. Kf2 g3+ 35. Kg2 Kf8 36. Rh1 d3 37. c3 Ke7 38. Rh3 Rg8 39. Rxg3 Qf4 40. Nf1 Na5 41. Rd1 Rcd8 42. Qf2 Nc4 43. Qc5+ Kf6 44. Kf2 Rc8 45. Qb4 Rxg3 46. Nxg3 Qe3+ 47. Kg2 Rg8 48. Qxb7 Qe2+ 49. Kh3 Rh8+ 50. Kg4 Ne3# 0-1

[Event "Perm op 04"]
[Site "Perm"]
[Date "2009.04.22"]
[Round "3"]
[White "Azanov, Pavel"]
[Black "Goldshtein, Grigory"]
[Result "0-1"]
[WhiteElo "2003"]
[BlackElo "2193"]
[PlyCount "62"]
[EventDate "2009.04.20"]
[EventType "swiss"]
[EventRounds "8"]
[EventCountry "RUS"]
[SourceTitle "EXT 2022"]
[Source "ChessBase"]
[SourceDate "2021.10.06"]
[SourceVersion "1"]
[SourceVersionDate "2021.10.06"]
[SourceQuality "1"]

1. e4 Nf6 2. Nc3 d5 3. e5 Nfd7 4. Nxd5 Nxe5 5. Ne3 c5 6. Nf3 Nbc6 7. Nxe5 Nxe5 8. Bb5+ Bd7 9. Bxd7+ Qxd7 10. 0-0 e6 11. d3 Be7 12. Bd2 Nc6 13. Bc3 Nd4 14. a4 0-0 15. b3 Bf6 16. Kh1 g6 17. Nc4 Qc7 18. Bb2 Bg7 19. h3 b6 20. f4 Rad8 21. Rb1 Rd5 22. Ne3 Rd7 23. g4 f5 24. Bxd4 Rxd4 25. Qf3 e5 26. gxf5 exf4 27. c3 Rxd3 28. Nd5 Rxf3 29. Nxc7 Rxh3+ 30. Kg2 Rg3+ 31. Kh1 Rxf5 0-1

[Event "Perm op2 01"]
[Site "Perm"]
[Date "2009.01.12"]
[Round "7"]
[White "Azanov, Pavel"]
[Black "Plekhov, Oleg"]
[Result "1-0"]
[WhiteElo "2017"]
[BlackElo "1688"]
[PlyCount "30"]
[EventDate "2009.01.12"]
[EventType "swiss"]
[EventRounds "8"]
[EventCountry "RUS"]
[SourceTitle "EXT 2022"]
[Source "ChessBase"]
[SourceDate "2021.10.06"]
[SourceVersion "1"]
[SourceVersionDate "2021.10.06"]
[SourceQuality "1"]

1. e4 c5 2. Nf3 Nc6 3. c3 e5 4. Bc4 g6 5. d4 exd4 6. cxd4 cxd4 7. Nxd4 Bg7 8. Nxc6 bxc6 9. 0-0 Ne7 10. Nc3 0-0 11. Bg5 h6 12. Bh4 Re8 13. Qd6 a5 14. Bxe7 Qxe7 15. Qxg6 Rf8 1-0

[Event "Perm op2 01"]
[Site "Perm"]
[Date "2009.01.12"]
[Round "4"]
[White "Azanov, Pavel"]
[Black "Shinkar, Daniel"]
[Result "0-1"]
[WhiteElo "1554"]
[BlackElo "2028"]
[PlyCount "68"]
[EventDate "2009.01.12"]
[EventType "swiss"]
[EventRounds "8"]
[EventCountry "RUS"]
[SourceTitle "EXT 2022"]
[Source "ChessBase"]
[SourceDate "2021.10.06"]
[SourceVersion "1"]
[SourceVersionDate "2021.10.06"]
[SourceQuality "1"]

1. e4 c5 2. d4 cxd4 3. c3 Nf6 4. e5 Nd5 5. Qxd4 e6 6. Nf3 Nc6 7. Qe4 f5 8. exf6 Nxf6 9. Qc2 Qc7 10. Be3 Be7 11. Nbd2 0-0 12. Bc4 a6 13. 0-0 b5 14. Bd3 Bb7 15. Rad1 h6 16. Rfe1 Ng4 17. h3 Nge5 18. Nxe5 Nxe5 19. Be4 d5 20. Bg6 Nxg6 21. Qxg6 Rf6 22. Qg4 e5 23. Nf3 Raf8 24. Qg3 Bd6 25. Qg4 d4 26. cxd4 Bxf3 27. gxf3 Rxf3 28. dxe5 Bxe5 29. Bxh6 Rxf2 30. Qe6+ Kh7 31. Rxe5 Qc2 32. Qg4 gxh6 33. Re7+ R2f7 34. Rxf7+ Rxf7 0-1